000 01295nam0a2200301 4500
001 RU\NLR\bibl\572141
005 20260408210109.0
035 _a(NLR Aleph) 000564199
090 _a1551593
_c1551593
100 _a20041109d2005 |||y0rusy50 ca
101 0 _arus
102 _aRU
105 _aa |||||||||
200 1 _aПегрема
_eПегрема-40
_eСимпозиум
_eТез. докл. пленар. заседания
210 _aПетрозаводск
_cНАО "Пегрема"
_d2005 [т.е. 2004]
215 _a[3],21 с.
_cил.
_d21
300 _aЗагл. обл.: Пегрема-40
300 _aВ надзаг.: Науч. археол. о-во Пегрема
300 _aКн. фактически изд. в 2004 г.
512 1 _aПегрема-40
607 _aПегрема, деревня (Карелия)
_jТезисы докладов
_xАрхеологические исследования
_92221182
_3RU\NLR\AUTH\6601566891
686 _aТ4(2)253.23я431
711 1 2 _aСимпозиум по проблемам археологии Восточной Европы и Урала
_eПегрема
_f2005
_9618663
_3RU\NLR\AUTH\8810058702
801 0 _aRU
_bNLR
_c20041109
_gPSBO
801 1 _aRU
_bNLR
_c20041109
942 _cBOOK
980 _aNB